Statistics for MLB TOP 10 All Time Base on Balls

Click here to take the quiz!

General Stats

  • This quiz has been taken 26 times
  • The average score is 5 of 10

Answer Stats

HintAnswer% Correct
2558Barry Bonds
90%
2021Ted Williams
86%
2062Babe Ruth
81%
1733Mickey Mantle
67%
2190Rickey Henderson
57%
1845Carl Yastrzemski
52%
1667Frank Thomas
29%
1708Mel Ott
24%
1747Jim Thome
19%
1865Joe Morgan
10%

Score Distribution

Percentile by Number Answered

Percent of People with Each Score

Your Score History

You have not taken this quiz